000 00723nam a2200217Ia 4500
005 20260320201608.0
008 008 262003s9999 xx 000 0 eng d
037 _aEBOOK
040 _aCRL
040 _beng
040 _cCRL
041 _2eng
041 _aeng
084 _qCRL
245 0 _aConsiderations on Novel Network Edge Physical Node Architectures: Leveraging Unprecedented (Bottom-up) Technology-centric Approaches Empowered by Micro/Nanotechnologies (MEMS/NEMS) and Federated Learning, with an Outlook on AI/5G-empowered Applications
260 _bIEEE
856 _uhttps://ieeexplore.ieee.org/servlet/opac?bknumber=11333966
942 _cEBOOK
999 _c1722286
_d1722286